Normal view
MARC view
Entry Topical Term
001 - CONTROL NUMBER
- control field: 18063
003 - CONTROL NUMBER IDENTIFIER
- control field: BD-RjUL
005 - DATE AND TIME OF LATEST TRANSACTION
- control field: 20260408111031.0
008 - FIXED-LENGTH DATA ELEMENTS
- fixed length control field: 260408|| aca||aabn | a|a d
040 ## - CATALOGING SOURCE
- Original cataloging agency: BD-RjUL
- Transcribing agency: BD-RjUL
150 ## - HEADING--TOPICAL TERM
- Topical term or geographic name entry element: Evidence (Law)
- Geographic subdivision: Southeast Asia
670 ## - SOURCE DATA FOUND
- Source citation: Work cat.: (BD-RjUL)86335: Sarkar, M. C. (Mahim Chandra), author. 18061, Sarkar's law of evidence in India, Pakistan, Bangladesh, Burma, Ceylon, Malaysia & Singapore / MC Sarkar, SC Sarkar, PC Sarkar.